| 000 | 00554nam a22001697a 4500 | ||
|---|---|---|---|
| 005 | 20251108172035.0 | ||
| 008 | 250721s1987 xx 000 0 ara d | ||
| 082 | 1 | 4 | _a370.1/محم |
| 100 | 1 | _aعلي قراقزة، محمود عبد القادر | |
| 245 | 1 | 0 | _aنحو إدارة تربوية واعية / |
| 264 | 1 |
_aبيروت : _bدار الفكر اللبناني ، دار الوسام، _c1987. |
|
| 300 | _a188ص | ||
| 650 | 1 | 7 | _aالتربية و التعليم |
| 650 | 1 | 7 | _aفلسفة و نظريات |
| 942 |
_2ddc _cBK |
||
| 999 |
_c68926 _d68926 |
||